| 000 | 00293 a2200121 4500 | ||
|---|---|---|---|
| 999 |
_c321554 _d321554 |
||
| 001 | 86481 | ||
| 003 | NUST | ||
| 005 | 20180122153926.0 | ||
| 008 | 180122b xxu||||| |||| 00| 0 eng d | ||
| 082 | _a398.2 BUK | ||
| 100 |
_aBukhari Farigh _99513 |
||
| 245 |
_aSarhad Kay Lok Geeth _hUrdu |
||
| 260 |
_aIslamabad _bLok Virsa Islamabad _c1987 |
||
| 300 | _aRs 288p. | ||
| 942 |
_aCAE NUST _cBK _k398.2 BUK _2ddc |
||